| 000 | 00711nam a22002537a 4500 | ||
|---|---|---|---|
| 003 | UA-OsUOA | ||
| 001 | 30454 | ||
| 007 | ta | ||
| 008 | 20041110b un ||||| |||| 00| 0 ukr d | ||
| 100 | _aДревиц И. | ||
| 090 |
_a929:821(430) _bД29 |
||
| 942 | _cBK | ||
| 040 |
_aUA-OsUOA _brus _cUA-OsUOA _dUA-OsUOA |
||
| 245 |
_aБеттина фон Арним _bБиография _cИ. Древиц; Пер. с нем. С. РожновскогоПер. с нем. С.Рожновского |
||
| 300 | _a311 с. | ||
| 955 | _a0 | ||
| 041 | _arus | ||
| 080 | _a929:821(430) | ||
| 020 | _a5-05-002548-6 | ||
| 260 |
_aМосква _bРадуга _c1991 |
||
| 044 | _aRU | ||
| 650 | 7 | _2UDC | |
| 999 |
_c316866 _d316866 |
||